Protection vs. environment.

Na príklade časopisu Quality Progress sa skúmajú a hodnotia alternatívy pre použitie plastov alebo papiera na obaly časopisov. Ekonomické aspekty a životné prostredie.

Gespeichert in:
Bibliographische Detailangaben
1. Verfasser: Stratton, B.
Format: Buchkapitel
Sprache:Englisch
Schlagworte:
Tags: Tag hinzufügen
Keine Tags, Fügen Sie das erste Tag hinzu!

MARC

LEADER 00000naa a2200000 4500
001 r005600
005 20221213084440.8
041 0 |a eng 
044 |a US 
245 1 0 |a Protection vs. environment.  |c B. Stratton 
520 |a Na príklade časopisu Quality Progress sa skúmajú a hodnotia alternatívy pre použitie plastov alebo papiera na obaly časopisov. Ekonomické aspekty a životné prostredie. 
610 2 0 |a časopisy 
610 2 0 |a obaly 
610 2 0 |a prostredie životné 
610 2 0 |a ekológia 
100 1 |a Stratton, B.